000 00648nam a2200157Ia 4500
008 230917s9999||||xx |||||||||||||| ||und||
040 _e97252
_aMAIN
041 _aEnglish
082 _a954.5 G959P
100 _aGupta, Hari Ram, ed
245 0 _aPunjab on the eve of first Sikh war: a documentary study of the political, social and economic conditions of the Punjab of depicted in the daily letters written chiefly from Lahor by British inteligencers is during the period from 30 DEc 1843 to 31 October 1844
250 _a2nd Rev ed.
260 _aChandigarh
_bPublication Bureau of Punjab University
_c1975
300 _a555 p.
942 _cBK
999 _c183867
_d183867